000 00335nam a22001337a 4500
999 _c528883
_d528883
003 NUST
038 _awaseem
082 _a891.55115
_bRUM
100 _aRumi, Jalal Ud Din
_915187
245 _aMasnavi Molvi Mahnvi Rahmat Ullaha /
_cJalal Ud Din Rumi
260 _aLahore :
_bAl-Faisal,
_c1976.
300 _a368 p. ;
942 _2ddc
_cBK